Länder nach Sehenswürdigkeiten#3 (Europa) - Statistiken

Allgemein
  • Dieses Quiz wurde 87 mal gespielt
  • Das Durchschnittsergebnis liegt bei 7 aus 20
Antwortstatistiken
Bildquiz Antwort % Korrekt
Frankreich
94%
Deutschland
81%
Österreich
81%
Russland
76%
Italien
71%
Ungarn
59%
Kroatien
53%
Irland
38%
Rumänien
37%
Polen
22%
Schweden
20%
Nordmazedonien
19%
Island
18%
Slowenien
16%
Schweiz
15%
Luxemburg
13%
Bosnien
9%
Rumänien
9%
Vereinigtes Königreich
9%
Serbien
4%
Keine übereinstimmenden Quizze gefunden
Verteilung der Resultate
Anzahl Personen mit jedem Resultat
Perzentil nach korrekt beantworteten Fragen
Ihre Resultats-Entwicklung
Sie haben dieses Quiz noch nicht gespielt